000
00360nam a2200157Ia 4500
008
151213s9999 xx 000 0 und d
020
_a
0-9751939-0-8
100
_a
Fazlul Huq
245
_a
The Dream Land
_c
Fazlul Huq
260
_b
New Horizon
_c
2004
300
_a
8451 p.
650
_a
English
650
_a
English
700
_a
Fazlul Huq
999
_c
4289
_d
4289